Garg's income tax reckoner (Record no. 25923)

MARC details
000 -LEADER
fixed length control field 00328nam a2200121Ia 4500
082 ## - DEWEY DECIMAL CLASSIFICATION NUMBER
Classification number 336.215
Item number GAR
100 ## - MAIN ENTRY--AUTHOR NAME
Personal name GARG, Dinesh Chandra
245 #0 - TITLE STATEMENT
Title Garg's income tax reckoner
260 ## - PUBLICATION, DISTRIBUTION, ETC. (IMPRINT)
Place of publication Delhi
Name of publisher Law managament house
Year of publication 1979
650 ## - SUBJECT ADDED ENTRY--TOPICAL TERM
Topical Term Income tax ready reckoner
942 ## - ADDED ENTRY ELEMENTS (KOHA)
Koha item type Books
Holdings
Withdrawn status Lost status Damaged status Not for loan Home library Current library Date acquired Source of acquisition Full call number Accession Number Koha item type
        RRII Library RRII Library 16/12/2021 Auction 336.215 GAR 06563 Books